01159nam a2200301Ia 4500001001200000003000800012006001900020007001500039008004100054010001700095020001800112020002600130020001500156040002100171035002100192050002200213100002600235245006900261260006200330300001700392504006400409533015200473650003300625650002700658655002900685710001700714856012600731ebr10218184CaPaEBRm u cr cn|||||||||030701s2004 cau sb 001 0 eng d z 2003109251 z9780761950691 z9781847871619 (ebook) z0761950699 aCaPaEBRcCaPaEBR a(OCoLC)29053264714aH61b.S545 2004eb1 aSibeon, Roger,d1953-10aRethinking social theoryh[electronic resource] /cRoger Sibeon. aThousand Oaks, CA ;aLondon :bSage publications,cc2004. aviii, 223 p. aIncludes bibliographical references (p. 204-221) and index. aElectronic reproduction.bPalo Alto, Calif. :cebrary,d2009.nAvailable via World Wide Web.nAccess may be limited to ebrary affiliated libraries. 0aSocial sciencesxPhilosophy. 0aSociologyxPhilosophy. 7aElectronic books.2local2 aebrary, Inc.40uhttp://site.ebrary.com/lib/rucke/Doc?id=10218184zAn electronic book accessible through the World Wide Web; click to view